00000000nem##2200000za#4500
0019.548323
003CaOODSP
00520200326233208
007aj |a|||
008150406|2010||||xxc||||   a##f  |   fre|d
020 |a978-0-660-64231-4
022 |a1915-884X
040 |aCaOODSP|bfre
041 |aeng
041 |afre
043 |an-cn---
0861 |aM116-2/021H14
1101 |aCanada.|bRessources naturelles Canada. |bCentre d'information topographique.
24510|aPetitcodiac, Nouveau-Brunswick |h[document cartographique]
250 |aÉd. 05, version 00
255 |aÉchelle 1:50,000
260 |aOttawa - Ontario : |bRessources naturelles Canada. |c2010.
300 |a1 feuille. : |bcarte en couleur ; |c71 cm.
4901 |aCartes topographiques du Canada |x1915-884X|v21-H/14
500 |aSérie A791. Comprend une légende.
590 |a10-19|b2010-05-14
7760#|tPetitcodiac, New Brunswick |w(CaOODSP)9.583531
791 |tPetitcodiac, New Brunswick |eeng|w(CaOODSP)9.548322
830#0|aCartes topographiques du Canada,|x1915-884X|v21-H/14|w(CaOODSP)9.511451